000 00374nam a22001577a 4500
003 OSt
005 20250304154710.0
008 250304b |||||||| |||| 00| 0 eng d
020 _a9780091900212
040 _cIIMT UNIVERSITY, MEERUT
100 _a Napoleon Hill
245 _aThink And Grow Rich
260 _aLONDON
_bVERMILION
_c2004
300 _a302
942 _2ddc
_c02
999 _c65301
_d65301